00706nam a22002177a 450000500170000001000270001702000260004403500130007003500140008303700130009708200110011010000180012124500440013926000360018327000540021930000210027350000500029465000390034465000630038365000420044620230209152049.0 aENG-115142 ENG-136184 a9789385755903c599.00 aEN-98674 aEN-119716 bDBAD/PUB a394.13 aPhillips, Rod aAlcohol :cby Rod Phillipsba history / aNew DelhibSpeaking Tigerc2014 a4381/4 Ansari Road, Daryaganj,bNew Delhie110002 a370p.c24cm(pbk) aIncludes bibliographical references and index aAlcohol xSocial aspectsxHistory. aDrinking of alcoholic beveragesxSocial aspectsx History. aAlcoholic beverage industryxHistory.